| 000 | 01264nam a2200277 i 4500 | ||
|---|---|---|---|
| 001 | 141700 | ||
| 003 | ES-MaACL | ||
| 005 | 20230906200341.0 | ||
| 007 | t| | ||
| 008 | 070926s1979 sp ||||1| spa d | ||
| 020 | _a84-376-0191-6 | ||
| 080 | _a338.1(4)"16/17" | ||
| 100 | 1 |
_aVries, Jan de. _9115763 |
|
| 245 | 1 | 3 |
_aLa economía de Europa en un período de crisis, 1600-1750 / _cJan de Vries ; [traducción de Fernando Wulff Alonso y Celia Pérez Castelló]. |
| 260 |
_aMadrid : _bCátedra, _c[1979] |
||
| 300 |
_a253 p. : _bil., mapas ; _c21 cm. |
||
| 490 | 1 | _aHistoria. Serie menor | |
| 505 | 8 | _aContiene: El período de crisis ; Las economías agrarias siguen caminos distintos ; La reestructuración de la industria ; El dinamismo del comercio ; Urbanización y tráfico regional ; El capitalismo se crea su propia demanda ; La acumulación de capital y la burguesía ; Mercantilismo, absolutismo y crecimiento económico | |
| 651 | 4 |
_aEuropa- _xSituación económica- _yS.XVII. _9173812 |
|
| 651 | 4 |
_aEuropa- _xSituación económica- _yS.XVIII. _9167739 |
|
| 700 | 1 |
_aWulff Alonso, Fernando. _9117446 |
|
| 700 | 1 |
_aPérez Castelló, Celia. _990718 |
|
| 830 | 1 |
_aHistoria. Serie menor _9178513 |
|
| 852 | 4 |
_aES-MaACL _jA-10369 |
|
| 999 |
_c141700 _d141700 |
||